Catálogo - Centro de Recursos para el Aprendizaje y la Investigación
Volver al Sitio - CRAI Biblioteca| 000 -CABECERA | |
|---|---|
| campo de control de longitud fija | 03041cam a2200337 i 4500 |
| 001 - NÚMERO DE CONTROL | |
| campo de control | 114122 |
| 003 - IDENTIFICADOR DEL NÚMERO DE CONTROL | |
| campo de control | DR-UNIBE |
| 005 - FECHA Y HORA DE LA ÚLTIMA TRANSACCIÓN | |
| campo de control | 20251001155139.0 |
| 008 - DATOS DE LONGITUD FIJA--INFORMACIÓN GENERAL | |
| campo de control de longitud fija | 190816t2020 vp a 000 0 eng |
| 020 ## - NÚMERO INTERNACIONAL ESTÁNDAR DEL LIBRO | |
| Número Internacional Estándar del Libro | 9780367150006 |
| 040 ## - FUENTE DE LA CATALOGACIÓN | |
| Centro catalogador/agencia de origen | DLC |
| Lengua de catalogación | spa |
| Centro/agencia transcriptor | DLC |
| Normas de descripción | rda |
| Centro/agencia modificador | DLC |
| -- | BIBLIOTECA UNIBE |
| 041 ## - CÓDIGO DE LENGUA | |
| Código de lengua del texto/banda sonora o título independiente | eng |
| 082 00 - NÚMERO DE LA CLASIFICACIÓN DECIMAL DEWEY | |
| Número de clasificación | 338.4791 T727h |
| Número de edición | 23 |
| 245 00 - MENCIÓN DE TÍTULO | |
| Título | Tourism, hospitality and digital transformation : |
| Resto del título | strategic management aspects |
| 250 ## - MENCIÓN DE EDICIÓN | |
| Mención de edición | Primera edición |
| 260 ## - PUBLICACIÓN, DISTRIBUCIÓN, ETC. | |
| Lugar de publicación, distribución, etc. | London ; |
| -- | New York : |
| Nombre del editor, distribuidor, etc. | Routledge, Taylor & Francis Group, |
| Fecha de publicación, distribución, etc. | 2020 |
| 300 ## - DESCRIPCIÓN FÍSICA | |
| Extensión | xxii, 228 páginas : |
| Otras características físicas | ilustraciones |
| 490 0# - MENCIÓN DE SERIE | |
| Mención de serie | Innovation and technology horizons |
| 504 ## - NOTA DE BIBLIOGRAFÍA, ETC. | |
| Nota de bibliografía, etc. | Incluye referencias bibliográficas e índice. |
| 505 ## - NOTA DE CONTENIDO CON FORMATO | |
| Nota de contenido con formato | 1. Tourism, Hospitality and Digital Transformation: The Relevance for Society | <br/>2. Digitalisation in the Hotel Industry | <br/>3. Change Management and Leadership in the Fourth Industrial Revolution | <br/>4. Love is the Bridge between You and Everything: Relationships of Identity, Experience and Benevolence to Travelers’ Loyalty and Willingness to Purchase | <br/>5. Towards a Typology of Organizational Agility for Hotel Industry | <br/>6. The Application of Theories about Capital Structure: Packing Order, Trade-off and Signalling in the Hotel Units in Portugal | <br/>7. Do Customers Really Matter? Effect of Customer Orientation on Innovativeness: Evidence from Hotel Industry in Poland | <br/>8. Destination Functional Attributes and Tourists’ Revisit Intention to Sri Lanka’s Pasikuda: A Critical Role of Destination Brand Equity | <br/>9. Digital Application: Evidence from Zurich Airport | <br/>10. Innovation in Tourism Destination Marketing | <br/>11. Surf Tourism Knowledge System: A Conceptual Approach | <br/> |
| 520 ## - SUMARIO, ETC. | |
| Sumario, etc. | "Innovation and technological advancements can be disruptive forces especially for conventional business in the hospitality and tourism industries. The book is timely with its critical examination of such forces and how the two industries should strategize and respond to changes effectively. This book examines a wide scope of topics from environmental scanning, formulation, implementation and evaluation to the way managers make strategy choices for better organizational performance. The book illustrates how companies can re-orient their strategies and appraise the effectiveness of the business; its key competitors; and how they should set business goals through various cases, i.e. different types of hospitality and tourism business from traditional hotels to Airbnb and endeavors to provide strategic conceptual theories with real world application through such case studies"-- |
| Fuente proveedora | Provided by publisher. |
| 650 #7 - PUNTO DE ACCESO ADICIONAL DE MATERIA--TÉRMINO DE MATERIA | |
| Término de materia o nombre geográfico como elemento de entrada | Turismo |
| Fuente del encabezamiento o término | lemb |
| 650 #7 - PUNTO DE ACCESO ADICIONAL DE MATERIA--TÉRMINO DE MATERIA | |
| Término de materia o nombre geográfico como elemento de entrada | Gestión |
| Fuente del encabezamiento o término | lemb |
| 650 #7 - PUNTO DE ACCESO ADICIONAL DE MATERIA--TÉRMINO DE MATERIA | |
| Término de materia o nombre geográfico como elemento de entrada | Tecnologías de la información |
| Fuente del encabezamiento o término | lemb |
| 9 (RLIN) | 199528 |
| 653 00 - TÉRMINO DE INDIZACIÓN--NO CONTROLADO | |
| Término no controlado | Industria hotelera -- Administración |
| 700 1# - PUNTO DE ACCESO ADICIONAL--NOMBRE DE PERSONA | |
| Nombre de persona | Tajeddini, Kayhan, |
| Término indicativo de función/relación | editor. |
| 9 (RLIN) | 199479 |
| 700 1# - PUNTO DE ACCESO ADICIONAL--NOMBRE DE PERSONA | |
| Nombre de persona | Ratten, Vanessa, |
| Término indicativo de función/relación | editor. |
| 9 (RLIN) | 199480 |
| 700 1# - PUNTO DE ACCESO ADICIONAL--NOMBRE DE PERSONA | |
| Nombre de persona | Merkle, Thorsten, |
| Término indicativo de función/relación | editor. |
| 9 (RLIN) | 199481 |
| 710 2# - PUNTO DE ACCESO ADICIONAL--NOMBRE DE ENTIDAD CORPORATIVA | |
| Nombre de entidad corporativa o nombre de jurisdicción como elemento de entrada | Routledge (Firm) |
| 9 (RLIN) | 199482 |
| 942 ## - ELEMENTOS DE PUNTO DE ACCESO ADICIONAL (KOHA) | |
| Fuente del sistema de clasificación o colocación | Sistema de Clasificación Decimal Dewey |
| Tipo de ítem Koha | Libro (general) |
| Estado de retiro | Estado de pérdida | Fuente del sistema de clasificación o colocación | No para préstamo | Código de colección | Localización permanente | Ubicación/localización actual | Ubicación en estantería | Fecha de adquisición | Total de préstamos | Signatura topográfica completa | Código de barras | Fecha visto por última vez | Número de copia | Precio válido a partir de | Tipo de ítem Koha |
|---|---|---|---|---|---|---|---|---|---|---|---|---|---|---|---|
| Disponible | Sistema de Clasificación Decimal Dewey | General | Biblioteca Central UNIBE | Biblioteca Central UNIBE | Área de exhibición | 01/10/2025 | 338.4791 T727h | 251039 | 01/10/2025 | Ej. 1 | 01/10/2025 | Libro (general) |